000
00304nam a22001337a 4500
008
181004b xxu||||| |||| 00| 0 eng d
020
_a
9780195088786
041
_a
eng
080
_a
341
100
_a
15
101
_a
SHJ
245
_a
The Oxford Companion to American Law
_c
Hall,K.L
942
_2
udc
_c
BK
999
_c
48867
_d
48867